[Event "Mittelfranken-chTB2a 1920"]
[Site "Mittelfranken"]
[Date "2019.11.03"]
[Round "2.7"]
[White "Stark, Raphael"]
[Black "Mueller, Norbert3333"]
[Result "1/2-1/2"]
[WhiteElo "1682"]
[BlackElo "1833"]
[PlyCount "49"]
[EventDate "2019.10.13"]
[EventType "team-tourn"]
[EventRounds "9"]
[EventCountry "GER"]
[SourceTitle "EXT 2023"]
[Source "ChessBase"]
[SourceDate "2022.10.05"]
[SourceVersion "1"]
[SourceVersionDate "2022.10.05"]
[SourceQuality "1"]
[WhiteTeam "Rothenburg II"]
[BlackTeam "Ansbach/Bad Windsheim"]
[WhiteTeamCountry "GER"]
[BlackTeamCountry "GER"]

1. e4 c5 2. Nf3 Nc6 3. d4 cxd4 4. Nxd4 e6 5. Nc3 a6 6. Nxc6 dxc6 7. Qxd8+ Kxd8 8. Be3 b5 9. f4 Kc7 10. e5 Bb4 11. 0-0-0 Bxc3 12. bxc3 Ne7 13. g3 Nd5 14. Bd4 Bb7 15. c4 bxc4 16. Bc5 c3 17. Bc4 Rac8 18. Rd3 Rhd8 19. Rhd1 Kd7 20. Rxc3 Ke8 21. Rb3 Rd7 22. Rxb7 Rxb7 23. Bxa6 Rb5 24. Bxc8 Rxc5 25. Bb7 1/2-1/2